Estadísticas para Chile por letra

Haz click aquí para intentar la prueba.

Estadísticas generales

  • Esta prueba ha sido intentada 90 veces
    (72 desde el último reinicio)
  • La puntuación promedio es 19 de 26

Estadísticas de respuestas

DescripciónRespuesta% Correcto
DRegión geográfica conocida cómo el lugar más árido del mundo (excluyendo los polos)Desierto de Atacama
98%
IEl 12 de Febrero de 1818 se proclamó la _____________ de ChileIndependencia
97%
MPrimera presidenta de ChileMichelle Bachelet
93%
PMoneda oficial de ChilePeso Chileno
93%
SCapital de ChileSantiago de Chile
93%
GLa primera mujer iberoamericana en recibir un premio nobel el año 1945Gabriela Mistral
91%
EEn la Región de Magallanes se encuentra el ________ __ __________, que dejó de tener su importancia con la construcción del Canal de PanamáEstrecho de Magallanes
90%
TAquí sucedió el _________ de mayor intensidad del mundoTerremoto
90%
WChilenismo que se usa para referirse a alguna cosaWeá
90%
ONombre de una región y apellido de un "libertador" de ChileO'Higgins
88%
ARegión más septentrional de ChileArica y Parinacota
86%
ÑAve grande no voladora más pequeña que un avestruzÑandú
84%
RPueblo Indígena que habita en la Isla de Pascua también conocidos como PascuensesRapa Nui
84%
BRío navegable que hacía de frontera entre los españoles y los mapucheBio-Bio
83%
ZForma de decirle a la calabazaZapallo
83%
VCiudad dónde se celebra uno de los festivales más grandes de LatinoaméricaViña del Mar
81%
LCiudad al norte de CoquimboLa Serena
72%
CLa mina a tajo abierto más grande del mundoChuquicamata
71%
FCuerpos de agua que se pueden encontrar fácilmente en la Zona Austral, también presentes en lugares como NoruegaFiordos
66%
JComuna en el Chile Insular conocido por sus langostas y su biodiversidadJuan Fernández
48%
YPueblo indígena que habitó el extremo sur de ChileYaganes
48%
KPueblo que habita en la Zona Austral de Chile también conocidos también como AlacalufesKawésqar
45%
HPueblo indígena que habita actualmente entre las Regiones de los Ríos y la de los LagosHuilliches
40%
NAntiguamente Santiago de Chile se llamaba Santiago de _____ ___________Nueva Extremadura
36%
QAnimal con el que se hacía el charangoQuirquincho
22%
UProvincia chilena con un triste y curioso nombreÚltima Esperanza
16%

Distribución de puntuación

Porcentaje por número respondido

Porcentaje de gente con cada puntuación

Historial de tus puntuaciones

No has intentado esta prueba desde el último reinicio